| 000 -LEADER |
| fixed length control field |
01007nam a2200181Ia 4500 |
| 001 - CONTROL NUMBER |
| control field |
14111 |
| 003 - CONTROL NUMBER IDENTIFIER |
| control field |
GE_BSU |
| 005 - DATE AND TIME OF LATEST TRANSACTION |
| control field |
20241108163455.0 |
| 008 - FIXED-LENGTH DATA ELEMENTS--GENERAL INFORMATION |
| fixed length control field |
181216s2013||||ru |||||||||||||| ||rus|| |
| 020 ## - INTERNATIONAL STANDARD BOOK NUMBER |
| International Standard Book Number |
9789664700440 |
| 040 ## - CATALOGING SOURCE |
| Transcribing agency |
GE_BSU |
| 080 ## - UNIVERSAL DECIMAL CLASSIFICATION NUMBER |
| Universal Decimal Classification number |
372.82(161.2) Д-85 |
| 245 ## - TITLE STATEMENT |
| Title |
Духовно-нравственное воспитание подрастающего поколения через внедрение инновационно-педагогических проектов в дошкольных и общеобразовательных учебных заведении : Сборник научных статей : |
| Remainder of title |
Материалы научно-практической конференции / |
| Statement of responsibility, etc. |
Под. ред. Хайрутдинова |
| 264 ## - PRODUCTION, PUBLICATION, DISTRIBUTION, MANUFACTURE, AND COPYRIGHT NOTICE |
| Place of production, publication, distribution, manufacture |
Симферополь : |
| Name of producer, publisher, distributor, manufacturer |
Тэзис, |
| Date of production, publication, distribution, manufacture, or copyright notice |
2013. |
| 300 ## - PHYSICAL DESCRIPTION |
| Extent |
160 стр. ; |
| Dimensions |
24 см. |
| 653 ## - INDEX TERM--UNCONTROLLED |
| keyword |
Духовно-нравственное воспитание подрастающего поколения |
| 942 ## - ADDED ENTRY ELEMENTS (KOHA) |
| Koha item type |
წიგნი |
| Source of classification or shelving scheme |
|